Guerra y revolución en España, 1936-1939 / (Record no. 145281)

MARC details
000 -LEADER
campo de control de longitud fija 01011nam a2200253 i 4500
001 - NÚMERO DE CONTROL
campo de control 145281
003 - IDENTIFICADOR DE NÚMERO DE CONTROL
campo de control ES-MaACL
005 - FECHA Y HORA DE LA ÚLTIMA TRANSACCIÓN
campo de control 20230906201212.0
007 - CAMPO FIJO DE DESCRIPCIÓN FÍSICA--INFORMACIÓN GENERAL
campo de control de longitud fija t|
008 - DATOS DE LONGITUD FIJA--INFORMACIÓN GENERAL
campo de control de longitud fija 070214s1978 sp r ||||1| spa d
020 ## - NÚMERO INTERNACIONAL ESTÁNDAR DEL LIBRO
Número Internacional Estándar del Libro 84-253-0981-6
080 ## - NÚMERO DE LA CLASIFICACIÓN DECIMAL UNIVERSAL
Número de la Clasificación Decimal Universal 94(460)"1936/39"
100 1# - ENTRADA PRINCIPAL--NOMBRE DE PERSONA
Nombre de persona Soria, Georges.
9 (RLIN) 107352
245 10 - MENCIÓN DEL TÍTULO
Título Guerra y revolución en España, 1936-1939 /
Mención de responsabilidad, etc. Georges Soria.
250 ## - MENCION DE EDICION
Mención de edición 1ª ed.
260 ## - PUBLICACIÓN, DISTRIBUCIÓN, ETC.
Lugar de publicación, distribución, etc. Barcelona :
Nombre del editor, distribuidor, etc. Grijalbo,
Fecha de publicación, distribución, etc. 1978.
300 ## - DESCRIPCIÓN FÍSICA
Extensión 5 v. :
Otras características físicas il. ;
Dimensiones 29 cm.
505 8# - NOTA DE CONTENIDO CON FORMATO
Nota de contenido con formato Contiene: 1. Génesis / traducido por Delfina Azcárate - 2. La confrontación / trad. por Manuel Bartolomé López - 3. Cambio de rumbo / trad. por José Chabás - 4. El equilibrio roto / trad. por José Chabás - 5. El desenlace / trad. por M. Bartolomé López
651 #4 - PUNTO DE ACCESO ADICIONAL DE MATERIA--NOMBRE GEOGRÁFICO
Nombre geográfico España-
Subdivisión general Historia-
Subdivisión cronológica 1936-1939, Guerra civil.
9 (RLIN) 8292
700 1# - ENTRADA AGREGADA--NOMBRE PERSONAL
Nombre de persona Azcárate, Delfina.
9 (RLIN) 24242
700 1# - ENTRADA AGREGADA--NOMBRE PERSONAL
Nombre de persona Bartolomé López, Manuel.
9 (RLIN) 26171
700 1# - ENTRADA AGREGADA--NOMBRE PERSONAL
Nombre de persona Chabás Bergón, José.
9 (RLIN) 37726
852 4# - LOCALIZACIÓN
Ubicación ES-MaACL
Número de control de estantería A-5565-69
Holdings
Estatus retirado Estado de pérdida Estado de daño No para préstamo Biblioteca de origen Biblioteca actual Ubicación en estantería Fecha de adquisición Fuente de adquisición Total de préstamos Signatura topográfica completa Código de barras Visto por última vez Precio de reemplazo Tipo de ítem Koha
        Biblioteca del Ateneo de Madrid Biblioteca del Ateneo de Madrid Sala Pecera Planta 1 17/01/2008     A-5565-69 1151652 23/02/2023 23/02/2023 Libro impreso